000 01386nam0a2200361 4500
001 RU\NLR\bibl\806718
005 20250614131419.0
010 _a5-222-04903-5
_97000
021 _aRU
_b2005-8944
_9466
035 _a(NLR Aleph) 000795832
090 _a1150374
_c1150374
100 _a20050603d2004 |||y0rusy50 ca
101 0 _arus
102 _aRU
105 _aa |||||||||
200 1 _aЗагородный дом
_eсвет. Вода. Тепло
_fЕльников В.
210 _aРостов-на-Дону
_cФеникс
_d2004
215 _a230, [4] с.
_cил.
_d21
225 1 _aСерия "Без проблем"
300 _aНа обл. подзаг.: Свет, вода, тепло, газ
300 _aНа обл. авт. не указан
606 1 _aЭлектропроводка внутри жилых зданий
_92238978
_3RU\NLR\auth\661343579
606 1 _aЖилые дома
_xЭлектропроводка
_92236275
_3RU\NLR\auth\661342054
606 1 _aЖилые дома индивидуальные
_xСанитарно-техническое оборудование
_92115579
_3RU\NLR\auth\661278102
686 _aЗ279.272
686 _aН761.071.1
700 1 _aЕльников
_bВ.
_4070
801 0 _aRU
_bNLR
_c20050603
_gPSBO
801 1 _aRU
_bNLR
_c20050603
942 _cBOOK
980 _aNB